Poesie /

সংরক্ষণ করুন:
গ্রন্থ-পঞ্জীর বিবরন
প্রধান লেখক: Sappho (লেখক)
বিন্যাস: গ্রন্থ
ভাষা:ইতালিয়
প্রকাশিত: Milano : Fabbri editori, 1997
ট্যাগগুলো: ট্যাগ যুক্ত করুন
কোনো ট্যাগ নেই, প্রথমজন হিসাবে ট্যাগ করুন!

MARC

LEADER 00000nam a22000007i 4500
001 IT\ICCU\BRI\0333391
003 ItRI
005 20241230172959.0
008 070212s1997 it |||||| ||||| |||||c
040 |b ita  |c Arcigay Rimini  
041 7 |a ita  |2 ISO-639-2 
100 0 |a Sappho  |0 IT\ICCU\DDSV\085446  |4 aut 
245 1 0 |a Poesie /  |c Saffo ; introduzione di Vincenzo Di Benedetto, traduzione e note di Franco Ferrari. 
260 |a Milano :  |b Fabbri editori,  |c 1997 
300 |a 234 p. ;  |c 20 cm 
500 |a Testo greco a fronte. 
942 |2 ddc  |c BK 
952 |0 0  |1 0  |2 ddc  |4 0  |6 881_000000000000000_SAF_POE  |7 1  |9 2554  |a RN  |b RN  |d 2024-12-30  |l 0  |o 881 SAF POE   |p 9998  |r 2024-12-30 17:30:34  |w 2024-12-30  |y BK 
981 1 |6 z01  |a i   |b xxxe  
982 1 |6 z01  |a n 
999 |c 2218  |d 2218